Central Library OPAC University of Rajshahi
Normal view MARC view

Entry Uniform Title

Number of records used in: 2

001 - CONTROL NUMBER

  • control field: 6261

003 - CONTROL NUMBER IDENTIFIER

  • control field: BD-RjUL

005 - DATE AND TIME OF LATEST TRANSACTION

  • control field: 20221211144537.0

008 - FIXED-LENGTH DATA ELEMENTS

  • fixed length control field: 221211|| aca||aabn | a|a d

040 ## - CATALOGING SOURCE

  • Original cataloging agency: BD-RjUL
  • Transcribing agency: BD-RjUL

130 ## - HEADING--UNIFORM TITLE

  • Uniform title: Pelican books

670 ## - SOURCE DATA FOUND

  • Source citation: Work cat.: (BD-RjUL)80948: Wells, H. G. (Herbert George), 1866-1946. 6260, A short history of the world /, 1946 [reprinted 1953]